000 01466nam2a22002531 4500
001 rc\370268
005 20070322110753.1
035 _a(NLR Aleph) 005975637
090 _a6975494
_c6975494
100 _a20070322d1989 u |0rusy50 ca
101 0 _arus
102 _aRU
105 _aa |||||||||
200 1 _aПоверхностные воды
_f[Сост. к. г. н. В.П. Мочаловым и др.]
_gКаз. регион. н.-и. гидрометеорол. ин-т
_hВып. 3
_iСоставление и подготовка к печати изданий серии 2 "Ежегодные данные". Ч. 4: Ежегодные данные о селевых потоках
210 _d1989
215 _a94 с.
_cсхем.
320 _aБиблиогр.: с. 94
461 0 _1001rc\370266
_12001#$aМЕТОДИЧЕСКИЕ указания по ведению Государственного водного кадастра$fГос. ком. СССР по гидрометеорологии$vРазд. 1
_99563658
_cАлма-Ата
_d1989
_fГос. ком. СССР по гидрометеорологии
_nБ. и.
_tМЕТОДИЧЕСКИЕ указания по ведению Государственного водного кадастра
_vРазд. 1
702 1 _aМочалов
_bВ. П.
_gВладислав Павлович
_4220
801 0 _aRU
_bNLR
_gpsbo
801 1 _aRU
_bELAR
_2rusmarc
852 _aNLR
_j79-7/902
942 _cBOOK
980 _aNB